000 01506nam a2200397 i 4500
001 000046659
003 DO-SdBNP
005 20250320100519.0
007 ta
008 081127s2014 dr a 000 0 spa d
020 _a9789945468342
040 _aDO-SdBNP
_bspa
_cBNPHU
_erda
082 4 _a922.9
_bM425C 2014
_222
100 1 _aCassá, Roberto,
_d1948-
_eautor
_910888
245 1 0 _aOlivorio Mateo :
_bel profeta de la Maguana /
_cRoberto Cassá ; ilustraciones José Mercader.
250 _a2a. edición
264 2 _aSanto Domingo :
_bAlfa & Omega,
_c2014
300 _a60 páginas :
_bilustraciones ;
_c21 cm.
336 _atexto
_btxt
_2rdacontent
337 _asin medición
_bn
_2rdamedia
338 _avolumen
_bnc
_2rdacarrier
490 0 _aBiografías dominicanas Tobogan ;
500 _aA la memoria de Miguel Coco mentor de estas biografías.
500 _aIncluye datos biográficos del autor e ilustrador en las solapas.
504 _aBibliografía p: 57
590 _aInventariado, 2018/ YL
600 1 4 _aMateo, Olivorio
_913807
650 0 _aMovimientos sociales
_zRepública Dominicana
_923226
_2LEMB
650 _aReligiosidad popular
_zRepública Dominicana
_983070
650 _aMovimientos Sociales
_zRepública Dominicana
_98424
650 _aLideres religiosos
_zRepública Dominicana
_984707
651 4 _aRepública Dominicana
_xBiografías
_91325
700 1 _aMercader, José
_eil.
_956560
910 _aYLockward. Validado. Control de calidad/MAA
942 _2ddc
_cLBS1
999 _c46148
_d46148